000 00523nam a2200181 4500
001 143321
003 ES-MaACL
005 20231228205941.0
007 t|
008 070214s1936 sp r ||||1| spa d
100 1 _aSender, Ramón J.,
_d1901-1982
_9105441
245 1 0 _aMíster Witt en el Cantón
_b: novela /
_cRamón J. Sender.
260 _aMadrid :
_bEspasa Calpe,
_c1936.
300 _a184 p. ;
_c22 cm.
500 _aPremio Nacional de literatura 1935.
852 _aES-MaACL
_jA-4340
999 _c143321
_d143321